00769cam a22002291 4500001001300000003000400013005001700017008004100034010001700075035001900092040003900111042001200150050001600162100005100178245012000229260002300349300001800372500001900390500009000409650002300499999001700522gs 04000001 DLC20260227111259.0780210s1839 kyu 000 0 eng c ags 04000001  a(OCoLC)3625955 aU.S. Geol. Survey. Libr.cNRUdDLC apremarc00aQE115b.M271 aMather, W. W.q(William Williams),d1804-1859.00aReport on the geologial reconnoissance of Kentucky,bmade in 1838.cBy W. W. Mather, geologist and mining engineer. a[Frankfort,c1839] a40 p.c25 cm. aCaption title. aReport is addressed to the governor and was laid before the House of Representatives. 0aGeologyzKentucky. c24081d24081